00224nam a2200061Ia 4500245007700000100004400077008004100121 0aNever give up! : relentless determination to overcome life's challenges  a Meyer, Joyce New York, 2008 1st ed 210819s9999 xx 000 0 und d